Datum a čas kvízu
23.5
Celkem bodů
Celkový počet nahraných bodů na tomto kvízu bez doplňovacích otázek.
7.
Pořadí na kvízu
Konečné umístění týmu na tomto kvízu.
Zaznamenané odpovědi
| # | Otázka | Odpověď | Body | Výsledky |
|---|---|---|---|---|
| 1. | Dálnice D35 byla od pondělka t... | traktor | 1 | |
| 2. | Astronautům vracejícím se v mo... | Porouchaný záchod. | 1 | |
| 3. | Česká televize představila let... | B | 1 | |
| 4. | Čtyřiatřicetiletý tchajwanský... | na PornHubu | 0 | |
| 5. | Mezinárodní unie moderního pět... | parkur/jezdectví | 1 | |
| 6. | Podíváme se mezi lékaře, kteří... | Sám sobě vyoperoval slepé střevo (a přežil). | 1 | |
| 7. | Tento český kardiochirurg dosá... | Jan Pirk | 1 | |
| 8. | Jednou z postav seriálu Simpso... | Dlaha | 0 | |
| 9. | Další z mnoha veřejně známých... | A) plastická chirurgie | 1 | |
| 10. | Chirurga Benjamina Franklina „... | Woody Allen | 0 |